LEADER 01688nam a2200337 a 4500 001 000000011353 003 CaOOAMICUS 005 20130916130527.0 008 940712s1960 fr f u000 u fre u 035 $a10279024 040 $aISV$bita$dPUL(R) 100 1 $aChastagnol, André.$0(OLS)http://pul/name/10947 245 13$aLa préfecture urbaine à Rome sous le bas empire /$cpar André Chastagnol. 260 $aParis :$bPresses Universitaires de France,$c1960. 300 $axix, 523, [1] p. ;$c26 cm 490 1 $aPublications de la Faculté des lettres et sciences humaines d'Alger ;$v34 500 $aIncludes index. 504 $aBibliography: p. [471]-481. 650 0$aPraefectus urbi.$2//eng$0(OLS)http://pul/subject/8710 651 4$aRoma$xPolitica e governo$y284-476.$0(OLS)http://pul/subject/8711 651 0$aRome$xHistory$yEmpire, 30 B.C.-476 A.D.$2//eng$0(OLS)http://pul/subject/3824 651 0$aRome$xOfficials and employees.$2//eng$0(OLS)http://pul/subject/2968 830 0$aPublications de la Faculté des lettres et sciences humaines d'Alger ;$v34.$0(OLS)http://pul/title/16460 850 $aPUL 852 $aPUL$W1$xDP2 Diritto e Scienze Sociali 1$y65$m187 G 66$j16072$nBK-PRI$qStampati$B16072$CPULBib$Z2$F16072 $H23235 $82 852 $aPUL$W1$xDP1 Fondo Cecchetti$y53$m269 F 5$j16073$nBK-PRI$b $qFondi$B16073$CPULBib$Z2$F16073 $HPUL2817 $81 941 1 $a8 941 1 $a1 961 $aINV: 23235 996 $6245$aLa préfecture urbaine à Rome sous le bas empire$9(OLS)http://pul/title/16459 996 $6260$aParis :$bPresses Universitaires de France$9(OLS)http://pul/publisher/47940 LEADER 01215nam a2200313 a 4500 001 000000138513 003 CaOOAMICUS 005 20140527100158.0 008 140527s2012 it u000 u ita r 020 $a978-88-7000-591-2 040 $aPUL$bita 082 04$a340.54 100 1 $aBertoldi, Federica.$0(OLS)http://pul/name/89290 245 13$aIl negozio fiduciario nel diritto romano classico /$cFederica Bertoldi. 260 $aModena :$bMucchi,$c2012. 300 $a242 p. ;$c24 cm 504 $aBibliografia p. 5-10. 650 4$aDiritto romano.$0(OLS)http://pul/subject/382 650 4$aNegozi giuridici.$0(OLS)http://pul/subject/19298 850 $aPUL 852 $aPUL$W1$xSL Diritto e Scienze Sociali 3$y79$m340. 54 BERFE 1$j159791$qDDC 21$B159303$CPULBib$Z2$F159303 $H124045 $82 941 1 $a9 960 $aRoman law$9382 960 $aRoman law$9382 996 $6020$a978-88-7000-591-2$9(OLS)http://pul/number/155334 996 $6082$a340.54$9(OLS)http://pul/classification/477 996 $6245$aIl negozio fiduciario nel diritto romano classico$9(OLS)http://pul/title/175331 996 $6260$aModena :$bMucchi$9(OLS)http://pul/publisher/54428